| 000 | 00677cab a2200181 4500 | ||
|---|---|---|---|
| 001 | L129728 | ||
| 008 | 050516n2005 000 0 eng u | ||
| 035 | _a(Sirsi) u129728 | ||
| 041 | _aeng | ||
| 100 | _aSweet, Rod | ||
| 245 | _aRe-enter the dragon | ||
| 260 | _c2005 | ||
| 490 |
_aConstruction Manager _vMay 2005, 13-24(11) |
||
| 520 | _aExamines the resurgence of China as a powerful and influential player in the construction world. Includes discussion with China's major construction players and illustrates how CIOB membership is at the centre of the new building programme. | ||
| 590 | _aIKA190505 | ||
| 690 | _aBUILT ENVIRONMENT-CONSTRUCTION MARKET | ||
| 942 | _n0 | ||
| 999 |
_c75240 _d75240 |
||